000
00213nam a22000857a 4500
008
170210b xxu||||| |||| 00| 0 eng d
100
_9
2862
_a
Moore.P.
245
_a
Anton Chekhov Short Stories
260
_a
New Delhi
_c
2012
999
_c
6081
_d
6081